Statistics for Hamburg U-bahn Stations

Click here to take the quiz!

General Stats

  • This quiz has been taken 458 times
  • The average score is 45 of 91

Answer Stats

Answer% Correct
Jungfernstieg
82%
Hauptbahnhof Nord
81%
Barmbek
77%
St Pauli
77%
Hauptbahnhof Süd
76%
Landungsbrücken
76%
Wandsbeker Chaussee
74%
Wandsbek Gartenstadt
74%
Wandsbek Markt
74%
Berliner Tor
69%
Schlump
69%
Rathaus
66%
HafenCity Universität
64%
Niendorf Markt
64%
Niendorf Nord
64%
Ohlsdorf
64%
Baumwall
63%
Billstedt
63%
Kellinghusenstraße
63%
Sternschanze
63%
Mümmelmannsberg
62%
Hagenbecks Tierpark
60%
Steinstraße
59%
Norderstedt Mitte
58%
Farmsen
57%
Feldstraße
56%
Lübecker Straße
55%
Stephansplatz
55%
Mönckebergstraße
54%
Ohlstedt
54%
Ahrensburg Ost
52%
Ahrensburg West
52%
Berne
52%
Meßberg
52%
Borgweg
51%
Eppendorfer Baum
50%
Hoheluftbrücke
50%
Überseequartier
50%
Christuskirche
49%
Fuhlsbüttel
49%
Fuhlsbüttel Nord
49%
Gänsemarkt
49%
Klosterstern
49%
Lattenkamp
49%
Rödingsmarkt
49%
Saarlandstraße
49%
Volksdorf
49%
Alsterdorf
48%
Langenhorn Markt
48%
Langenhorn Nord
48%
Mundsburg
48%
Großhansdorf
47%
Hamburger Straße
47%
Messehallen
47%
Hallerstraße
46%
Emilienstraße
45%
Garstedt
45%
Lohmühlenstraße
45%
Ochsenzoll
45%
Ritterstraße
45%
Horner Rennbahn
44%
Osterstraße
44%
Sierichstraße
43%
Trabrennbahn
43%
Wartenau
43%
Hammer Kirche
42%
Hudtwalckerstraße
42%
Rauhes Haus
42%
Alter Teichweg
41%
Dehnhaide
41%
Uhlandstraße
40%
Straßburger Straße
39%
Klein Borstel
38%
Lutterothstraße
38%
Hagendeel
37%
Sengelmannstraße
37%
Burgstraße
36%
Kiekut
36%
Meiendorfer Weg
35%
Hoisbüttel
34%
Joachim-Mähl-Straße
34%
Habichtstraße
32%
Kiwittsmoor
32%
Buckhorn
31%
Legienstraße
30%
Richtweg
30%
Buchenkamp
28%
Steinfurther Allee
26%
Merkenstraße
23%
Schippelsweg
23%
Schmalenbeck
23%

Score Distribution

Percentile by Number Answered

Percent of People with Each Score

Your Score History

You have not taken this quiz